| 000 | 00899cam a2200325 i 4500 | ||
|---|---|---|---|
| 001 | 498970 | ||
| 003 | GBCCL | ||
| 005 | 20241126110350.0 | ||
| 008 | 801219s1976 miu 00110 eng d | ||
| 010 | _a 76024706 | ||
| 020 | _a9788173621550 | ||
| 035 | _a(OCoLC)ocn686864890 | ||
| 035 | _a(CStRLIN)CTYT2748255-B | ||
| 035 | _a498970 | ||
| 040 |
_aOCedC _cOCedC _dCtY-D |
||
| 050 | 0 |
_aBT1102 _b.G43 |
|
| 082 |
_a239 _bGEI |
||
| 090 |
_aBT1102 _b.G43 |
||
| 100 | 1 |
_aGeisler, Norman L. _988 |
|
| 245 | 1 | 0 |
_aChristian apologetics / _cNorman Geisler. |
| 260 | 0 |
_aGrand Rapids : _bBaker Book House, _cc1976. |
|
| 260 | 0 |
_aSecunderabad : _bAuthentic, _c2009. |
|
| 300 |
_a393 p. ; _c24 cm. |
||
| 500 | _aIncludes index. | ||
| 504 | _aBibliography: p. 379-390. | ||
| 650 | 0 |
_aApologetics. _985 |
|
| 650 | 0 |
_aApologetics _xHistory _y20th century. _91594 |
|
| 942 |
_2ddc _cBK _0166 |
||
| 948 | _aOCLC | ||
| 999 |
_c966 _d966 |
||